| 000 | 00972nam a22002417a 4500 | ||
|---|---|---|---|
| 008 | 090130t xxu||||| |||| 00| p eng d | ||
| 010 | _aENG-92708 | ||
| 020 |
_c125.00 _a8190428934 |
||
| 035 | _aEN-76241 | ||
| 037 | _bDBAD / PUB | ||
| 040 |
_adpl _bEnglish |
||
| 082 | _a881 | ||
| 100 | _aAkella, Usha | ||
| 245 |
_aA face that does not bear the footprints of the world / _cby Usha Akella |
||
| 260 |
_aKerala, _bMonsoon Editions _c2008 |
||
| 270 |
_aB-6, Jeevan Bhima Nagar, Karaparamba Calicut _bKerala, _e673006 |
||
| 300 |
_a80p. _c21cm (pbk) |
||
| 500 | _aIncludes glossary | ||
| 650 | _aEnglish poetry. | ||
| 942 |
_2ddc _cEN _mAKE _h881 |
||
| 999 |
_c22674 _d22674 |
||